Fine chemicals for polymers / (Record no. 164992)

MARC details
000 -LEADER
fixed length control field 01059cam a2200301 4500
008 - FIXED-LENGTH DATA ELEMENTS--GENERAL INFORMATION
fixed length control field
020 ## - INTERNATIONAL STANDARD BOOK NUMBER
International Standard Book Number 019855415X (pbk. )
049 ## - LOCAL HOLDINGS (OCLC)
Holding library MAIN
090 ## - LOCALLY ASSIGNED LC-TYPE CALL NUMBER (OCLC); LOCAL CALL NUMBER (RLIN)
Classification number (OCLC) (R) ; Classification number, CALL (RLIN) (NR) TP1142.S75
Local cutter number (OCLC) ; Book number/undivided call number, CALL (RLIN) CHE
003 - CONTROL NUMBER IDENTIFIER
control field
005 - DATE AND TIME OF LATEST TRANSACTION
control field 20230123134402.0
040 ## - CATALOGING SOURCE
Transcribing agency NUST
100 1# - MAIN ENTRY--PERSONAL NAME
Personal name Stern, E. S.
245 10 - TITLE STATEMENT
Title Fine chemicals for polymers /
Statement of responsibility, etc. edited by E.S. Stern.
260 ## - PUBLICATION, DISTRIBUTION, ETC.
Place of publication, distribution, etc. Oxford,
Name of publisher, distributor, etc. Clarendon Press,
Date of publication, distribution, etc. 1973.
300 ## - PHYSICAL DESCRIPTION
Extent vii, 88 p.
Other physical details ill.
Dimensions 22 cm.
490 1# - SERIES STATEMENT
Series statement United States. Congress. House. House Information Systems. The chemist in industry,
Volume/sequential designation 1.
490 1# - SERIES STATEMENT
Series statement Oxford chemistry series,
Volume/sequential designation no. 12.
504 ## - BIBLIOGRAPHY, ETC. NOTE
Bibliography, etc. note Includes bibliographical references.
650 #0 - SUBJECT ADDED ENTRY--TOPICAL TERM
Topical term or geographic name entry element Polymers
General subdivision Additives.
650 #0 - SUBJECT ADDED ENTRY--TOPICAL TERM
Topical term or geographic name entry element Dyes and dyeing
General subdivision Textile fibers, Synthetic.
650 #0 - SUBJECT ADDED ENTRY--TOPICAL TERM
Topical term or geographic name entry element Textile chemicals.
650 #0 - SUBJECT ADDED ENTRY--TOPICAL TERM
Topical term or geographic name entry element Polymerization.
810 1# - SERIES ADDED ENTRY--CORPORATE NAME
Corporate name or jurisdiction name as entry element United States.
Subordinate unit Congress.
-- House.
-- House Information Systems.
Title of a work Chemist in industry,
Volume/sequential designation 1.
830 #0 - SERIES ADDED ENTRY--UNIFORM TITLE
Uniform title Oxford chemistry series,
Volume/sequential designation 12.
907 ## - LOCAL DATA ELEMENT G, LDG (RLIN)
a .b10232965
b 20-03-12
c 19-02-07
942 ## - ADDED ENTRY ELEMENTS (KOHA)
Koha item type Ordinary Loan Books
Call number prefix TP1142.S75
Call number suffix CHE
Holdings
Date last seen Total Checkouts Full call number Barcode Cost, replacement price Price effective from Koha item type Lost status Source of classification or shelving scheme Damaged status Not for loan Collection Withdrawn status Home library Current library Shelving location Date acquired Cost, normal purchase price
01/23/2023   TP1142.S75 FIN 92003018879 80.00 01/23/2023 BOOKS   LCC     NFIC   MAIN MAIN GEN 01/23/2023 80.00